[Event "II Int Open"]
[Site "Morelia MEX"]
[Date "2007.02.17"]
[Round "4"]
[White "Milov,V"]
[Black "Gonzalez Zamora,J"]
[Result "1/2-1/2"]
[WhiteElo "2665"]
[BlackElo "2526"]

1.d4 Nf6 2.c4 e6 3.Nc3 Bb4 4.e3 O-O 5.Bd3 d5 6.cxd5 exd5 7.Ne2 c6 8.O-O Bd6
9.f3 c5 10.Qe1 Nc6 11.g4 g6 12.Kh1 Be6 13.Qh4 Be7 14.Qf2 Ne8 15.Bd2 Ng7 16.Qg2 cxd4
17.exd4 Qd7 18.Bh6 Rfe8 19.Rad1 f6 20.Bc2 Bf7 21.Nf4 Kh8 22.Bb3 Ne6 23.Nfxd5 Nexd4
24.Ba4 b5 25.Nxb5 Qxd5 26.Nxd4 Nxd4 27.Bb3 Nxb3 28.Rxd5 Bxd5 29.axb3 Bc5
30.Qd2 Rad8 31.Qc3 Bd4 32.Qc7 f5 33.gxf5 Rc8 34.Qg3 Rg8 35.Be3 Bxb2 36.Qf2 Bg7
37.fxg6 Rc6 38.gxh7 Rf8 39.Qg3 Kxh7 40.h4 Rcf6 41.Kg2 Bxb3 42.Bg5 Rxf3 43.Qxf3 Rxf3
44.Kxf3 a5 45.Be7 a4 46.Ba3 Kh6 47.Kf4 Kh5 48.Be7 Bb2 49.Kg3 a3 50.Bf6 Bc2
51.Rf2 Bxf6 52.Rxf6 a2 53.Ra6 Bb1 54.Kf4 Bc2 55.Ra5+ Kh6 56.Rxa2 Bb1 57.Ra6+ Kh5
58.Ra5+ Kh6 59.Kg4 Bc2 60.Ra6+ Kg7 61.Kg5 Bd3 62.Ra7+ Kg8 63.Rd7 Bc2 64.Kh6 Bf5
65.Rg7+ Kf8 66.Rg2 Bb1 67.Rg3 Bc2 68.Rg1 Bd3 69.Rc1 Kf7 70.Rc3 Bb1 71.Rb3 Bc2
72.Rb7+ Kg8 73.Rg7+ Kf8 74.Rg3 Bb1 75.Rf3+ Kg8 76.Rf1 Bc2 77.Rf2 Bb1 78.Rf3 Bc2
79.Rf1 Bd3 80.Rg1+ Kf7 81.Rc1 Kg8 82.Rd1 Bc2 83.Rd4 Bb1 84.Rb4 Bc2 85.Rc4 Bd3
86.Rc1 Kf7 87.Kg5 Kg7 88.Rc7+ Kg8 89.Kf6 Bb1 90.Rg7+ Kh8 91.Rg3 Kh7 92.Rg5 Bc2
93.Rg7+ Kh6 94.Rc7 Bb1 95.Rb7 Bc2 96.Rb8 Kh7 97.Kf7 Bg6+ 98.Kf8 Bd3 99.Rb7+ Kh6
100.Kg8 Kh5 101.Rb4 Be2  1/2-1/2

[Event "II Int Open"]
[Site "Morelia MEX"]
[Date "2007.02.18"]
[Round "7"]
[White "Milov,V"]
[Black "Stellwagen,D"]
[Result "1-0"]
[WhiteElo "2665"]
[BlackElo "2585"]

1.d4 d5 2.c4 c6 3.Nf3 Nf6 4.e3 e6 5.Bd3 Nbd7 6.b3 Bd6 7.Bb2 O-O 8.O-O b6
9.Nc3 Bb7 10.Qe2 Qe7 11.Rad1 Rad8 12.e4 dxe4 13.Nxe4 Ba3 14.Ba1 Rfe8 15.Ng3 Qf8
16.Ne5 c5 17.Nxd7 Nxd7 18.Qc2 Kh8 19.d5 exd5 20.cxd5 Nf6 21.Bb5 Nxd5 22.Bxe8 Qxe8
23.Qf5 f6 24.Rfe1 Qf8 25.Rd3 Nc7 26.Rxd8 Qxd8 27.Ne4 Bxe4 28.Qxe4 h6 29.Bc3 Nb5
30.Qg6 Nd6 31.h4 Bb4 32.Bxb4 cxb4 33.Qd3 Qc7 34.Rd1 Nf7 35.Qd5 a5 36.Re1 Ne5
37.h5 Qc3 38.Qa8+ Kh7 39.Qe4+ Kg8 40.Rd1 Qc7 41.g3 Qc8 42.Kg2 Kf8 43.Rd6  1-0

[Event "II Rapid"]
[Site "Canada de Calatrava ESP"]
[Date "2007.04.06"]
[Round "1"]
[White "Perez de Aranda,LI"]
[Black "Milov,V"]
[Result "0-1"]
[WhiteElo "2141"]
[BlackElo "2665"]

1.e4 c5 2.Nf3 e6 3.d4 cxd4 4.Nxd4 a6 5.c4 Nf6 6.Nc3 d6 7.Be2 Be7 8.O-O O-O
9.Be3 b6 10.f3 Bb7 11.Qd2 Nbd7 12.Rac1 Rc8 13.Rfd1 Qc7 14.Bf1 Qb8 15.g4 Ne5
16.g5 Nh5 17.b3 d5 18.cxd5 Bb4 19.Qe2 Rxc3 20.Rxc3 Bxc3 21.f4 g6 22.fxe5 Qxe5
23.Nc6 Bxc6 24.dxc6 b5 25.Qd3 Ba5 26.Qd6 Qxd6 27.Rxd6 Rc8 28.Bc5 Bc7 29.Rd7 Bf4
30.a4 h6 31.axb5 axb5 32.Bxb5 hxg5 33.Ba4 Nf6 34.Bb6 Ne8 35.b4 Rb8 36.c7 Nxc7
37.Bxc7 Rxb4 38.Bxf4 gxf4 39.Bc6 Rc4 40.Bb7 Kg7 41.Kf2 Rc3 42.Ba6 g5 43.Rd3 Rc6
44.Bb5 Rc5 45.Bd7 Kf6 46.Kf3 Rc1 47.Be8 Ke7 48.Bd7 Rc7 49.Bb5 Kf6  0-1

[Event "II Rapid"]
[Site "Canada de Calatrava ESP"]
[Date "2007.04.06"]
[Round "2"]
[White "Milov,V"]
[Black "Fernandez Garcia,M"]
[Result "1-0"]
[WhiteElo "2665"]
[BlackElo "2305"]

1.d4 Nf6 2.c4 e6 3.Nc3 Bb4 4.e3 b6 5.f3 Bb7 6.e4 Bxc3+ 7.bxc3 d6 8.Bd3 Nbd7
9.Ne2 e5 10.O-O h6 11.Ng3 g6 12.a4 a5 13.f4 Qe7 14.Rb1 c5 15.Rb2 O-O-O 16.Rbf2 exd4
17.cxd4 Nxe4 18.Bxe4 Bxe4 19.f5 Bb7 20.Re1 Qf6 21.fxg6 Qxg6 22.Nf5 Kb8 23.Bf4 Ka7
24.Nxd6 Bc6 25.d5 Bb7 26.Bg3 h5 27.Nxf7 h4 28.Nxh8 Rxh8 29.Bc7 Rc8 30.Re6 Qg7
31.Bf4 Rg8 32.h3 Qc3 33.Re7 Bc8 34.Qe2 Ka6 35.Kh2 Rf8 36.Re3 Qd4 37.Re4 Qg7
38.Bd6 Nf6 39.Bxf8 Qg3+ 40.Kg1  1-0

[Event "II Rapid"]
[Site "Canada de Calatrava ESP"]
[Date "2007.04.06"]
[Round "3"]
[White "Galego,L"]
[Black "Milov,V"]
[Result "1/2-1/2"]
[WhiteElo "2537"]
[BlackElo "2665"]

1.e4 c5 2.Nf3 e6 3.Nc3 a6 4.g3 b5 5.Bg2 Bb7 6.d3 Nf6 7.O-O d6 8.a3 Be7 9.Ng5 h6
10.Nh3 O-O 11.f4 Nc6 12.g4 Nh7 13.Bd2 Nd4 14.Ne2 d5 15.Nxd4 cxd4 16.e5 Rc8
17.Rc1 f6 18.exf6 Bxf6 19.Qe2 Rc6 20.g5 Be7 21.gxh6 gxh6 22.Kh1 Kh8 23.Qh5 Rf5
24.Qe2 Bf8 25.Nf2 Qh4 26.Ng4 Rc7 27.Ne5 Rg7 28.Be1 Qf6 29.Bf2 Bc5 30.Bg3 Qf8
31.Rce1 Bd6 32.Nf3 Rh5 33.Nxd4 Rxg3 34.Qxh5 Rxg2 35.Rxe6 Rg8 36.Qxh6 Bc5
37.c3 Bc8 38.Qxf8 Rxf8 39.Re5 Nf6 40.Ne6 Bxe6 41.Rxe6 Rf7 42.Rxa6 Be3 43.Kg2 d4
44.cxd4 Bxd4 45.b4 Nd5 46.Rf3 Ne3+ 47.Kh1 Rc7 48.Rg6 Kh7 49.Rg1 Nf5 50.Rh3+ Nh6
51.Rg5 Bf6 52.Rxb5 Kg6 53.Rg3+ Kf7 54.Rh5 Bg7 55.Rc5 Ra7 56.a4 Ng8 57.b5 Ne7
58.b6 Rxa4 59.Rb5 Nc6 60.b7 Nb8 61.Rc5 Bf8 62.Rc7+ Ke6 63.Rg6+ Kf5 64.Rg8 Bd6
65.Rf7+ Ke6 66.Rh7 Nc6 67.Rh6+ Kd7 68.Rxd6+ Kxd6 69.Rg6+ Kd7 70.Rxc6 Rb4
71.Rc4 Rxb7 72.Re4 Rb3 73.Re3 Rb4 74.Re4 Rb3 75.Kg2 Rxd3 76.h4 Ra3 77.h5 Ra5
78.Re5 Ra1 79.h6 Ra6 80.Rh5 Ra8 81.h7 Rh8 82.Kg3 Kd6  1/2-1/2

[Event "2nd President's Cup"]
[Site "Baku AZE"]
[Date "2007.05.03"]
[Round "1"]
[White "Bajarani,U"]
[Black "Milov,V"]
[Result "0-1"]
[WhiteElo "2165"]
[BlackElo "2676"]

1.e4 c5 2.Nf3 e6 3.d4 cxd4 4.Nxd4 a6 5.Nc3 d6 6.a4 b6 7.Be2 Bb7 8.f4 Nf6
9.Bf3 Qc7 10.O-O Nbd7 11.Qe1 Be7 12.g4 h6 13.f5 e5 14.Nde2 b5 15.axb5 axb5
16.Rxa8+ Bxa8 17.Ng3 O-O 18.Rf2 b4 19.Nd5 Nxd5 20.exd5 Nb6 21.Qd1 Bh4 22.Kg2 Re8
23.Be4 Nd7 24.Re2 Nf6 25.Qd3 Qa5 26.Kh3 Bxg3 27.hxg3 Nxe4 28.Rxe4 Bxd5 29.Re1 Qc5
30.Rd1 Ba8 31.Qxd6 Qxc2 32.Rg1 Qf2 33.Qd1 Rc8 34.Qe1 Qf3 35.Qxe5 Rxc1  0-1

[Event "2nd President's Cup"]
[Site "Baku AZE"]
[Date "2007.05.04"]
[Round "2"]
[White "Milov,V"]
[Black "Gassanov,A"]
[Result "1-0"]
[WhiteElo "2676"]
[BlackElo "2353"]

1.d4 d5 2.c4 e6 3.Nc3 Nf6 4.cxd5 exd5 5.Bg5 Be7 6.e3 c6 7.Bd3 O-O 8.Nge2 Nbd7
9.O-O Re8 10.f3 Nf8 11.Bh4 Ne6 12.Kh1 g6 13.a3 Nh5 14.Bf2 f5 15.b4 a6 16.Bc2 Kg7
17.e4 fxe4 18.fxe4 dxe4 19.d5 cxd5 20.Nxd5 Bd6 21.Bxe4 Be5 22.Rc1 Rf8 23.Nb6 Qe7
24.Qd5 Nef4 25.Qxe5+ Qxe5 26.Bd4 Qxd4 27.Nxd4 Rb8 28.g3 Bh3 29.gxf4 Rbd8
30.Rfd1 Rxf4 31.Bf5 gxf5 32.Ne6+ Kf6 33.Nxf4 Rxd1+ 34.Rxd1 Nxf4 35.Nd5+ Nxd5
36.Rxd5 f4 37.Rc5 Bf5 38.Kg2 Be4+ 39.Kh3 f3 40.Kg3 Bc6 41.Kf2 Kg6 42.Ke3 Kf6
43.Rh5 Kg6 44.Ra5 Kf6 45.a4 h6 46.b5 axb5 47.axb5 Bd5 48.b6 Ke5 49.Rc5 Kd6
50.Rc7 Bc6 51.Rh7 Kc5 52.Rxh6 Kxb6 53.h4 Kc5 54.h5 Be8 55.Rh8  1-0

[Event "2nd President's Cup"]
[Site "Baku AZE"]
[Date "2007.05.05"]
[Round "3"]
[White "Safarli,E"]
[Black "Milov,V"]
[Result "0-1"]
[WhiteElo "2463"]
[BlackElo "2676"]

1.e4 c5 2.Nf3 e6 3.d4 cxd4 4.Nxd4 a6 5.Bd3 Ne7 6.O-O Nbc6 7.Nxc6 Nxc6 8.f4 Be7
9.Nd2 b5 10.a4 Rb8 11.axb5 axb5 12.e5 Nb4 13.Be4 d5 14.exd6 Qxd6 15.Kh1 O-O
16.c3 Nd3 17.Bxd3 Qxd3 18.Nf3 Qf5 19.Qe2 Bb7 20.Nd4 Qe4 21.Qxe4 Bxe4 22.f5 Bd5
23.Bf4 Rb7 24.Rae1 b4 25.fxe6 fxe6 26.Bd2 Rxf1+ 27.Rxf1 Bf6 28.Re1 Rd7 29.Bf4 bxc3
30.bxc3 Ra7 31.h3 Ra2 32.Nf3 Bxc3 33.Rc1 Bf6 34.Rd1 h6 35.Rd2 Ra1+ 36.Kh2 Rf1
37.Rd3 g5 38.Bd6 Kg7 39.Re3 Kg6 40.Kg3 h5 41.Re2 Bc3 42.Kh2 Kf5 43.Nd2 Rd1
44.Rf2+ Kg6 45.Nf3 Bxf3 46.Rxf3 Bf6 47.Bb8 e5 48.Re3 Kf5 49.Rf3+ Ke6 50.Re3 g4
51.hxg4 hxg4 52.Re2 Rd3 53.Ba7 Bg5 54.g3 Kd5 55.Kg2 e4 56.Ra2 Bd2 57.Kf2 Bb4
58.Kg2 e3 59.Kf1 Ke4 60.Ke2 Rc3 61.Bb6 Rc1 62.Bxe3 Re1+ 63.Kf2 Rxe3 64.Ra6 Rf3+
65.Kg2 Rd3 66.Re6+ Kf5  0-1

[Event "2nd President's Cup"]
[Site "Baku AZE"]
[Date "2007.05.06"]
[Round "4"]
[White "Milov,V"]
[Black "Fedorov,Alex"]
[Result "1-0"]
[WhiteElo "2676"]
[BlackElo "2611"]

1.d4 Nf6 2.c4 g6 3.Nc3 Bg7 4.e4 d6 5.Bg5 h6 6.Be3 Ng4 7.Bc1 e5 8.d5 f5 9.Be2 Nf6
10.exf5 gxf5 11.Bh5+ Kf8 12.Be2 f4 13.Nf3 Bf5 14.Nh4 Bh7 15.Bd3 Na6 16.Ng6+ Bxg6
17.Bxg6 Qd7 18.Bd2 Rg8 19.Qf3 Bh8 20.Bc2 Qg4 21.Qxg4 Rxg4 22.g3 fxg3 23.fxg3 Rxc4
24.Bxh6+ Kg8 25.O-O Rb4 26.b3 Ng4 27.Bd2 e4 28.Rf5 Bd4+ 29.Kh1 e3 30.Rg5+ Kh8
31.Be1 Bf6 32.Rh5+ Kg7 33.Rc1 Re8 34.Ne2 Rb5 35.Kg2 Rh8 36.Rxh8 Kxh8 37.Bf5 Ne5
38.Nf4 c6 39.Rc3 Nb4 40.a4 Rb6 41.dxc6 bxc6 42.Rxe3 Kg8 43.h4 Kf7 44.g4 d5
45.Bc3 Nxg4 46.Bxg4 Nc2 47.Bh5+ Kf8  1-0

[Event "2nd President's Cup"]
[Site "Baku AZE"]
[Date "2007.05.08"]
[Round "6"]
[White "Milov,V"]
[Black "Guseinov,G"]
[Result "1-0"]
[WhiteElo "2676"]
[BlackElo "2586"]

1.d4 Nf6 2.c4 g6 3.Nc3 Bg7 4.e4 d6 5.Bg5 O-O 6.Qd2 c5 7.d5 a6 8.a4 Qa5 9.Ra3 e6
10.Bd3 exd5 11.Nxd5 Qxd2+ 12.Kxd2 Nxd5 13.exd5 Re8 14.Ne2 Bxb2 15.Rb3 Bg7
16.a5 Nd7 17.Nc3 f5 18.Na4 Kf7 19.Nb6 Nxb6 20.Rxb6 Bf8 21.h4 h6 22.Bf4 Rd8
23.f3 Ra7 24.Rg1 Be7 25.Bxh6 Bxh4 26.Bf4 Be7 27.Re1 Bf8 28.Bc2 Kf6 29.Rh1 Ra8
30.Rh7 Rb8 31.Ba4 g5 32.Be3 f4 33.Bxc5 Bf5 34.Rh8 Ke5 35.Ba3 Kd4 36.Bb3 Be7
37.Rh6 Re8 38.Bb2+ Kc5 39.Kc3 Bf6+ 40.Rxf6 Re3+ 41.Kd2 Rbe8 42.Rxf5 Re2+
43.Kc1 Rxg2 44.Rf7 Re1+ 45.Bd1 Kxc4 46.Rc7+ Kxd5 47.Rd7 g4 48.Rdxd6+  1-0

[Event "2nd President's Cup"]
[Site "Baku AZE"]
[Date "2007.05.10"]
[Round "8"]
[White "Milov,V"]
[Black "Short,N"]
[Result "0-1"]
[WhiteElo "2676"]
[BlackElo "2691"]

1.d4 Nf6 2.c4 e6 3.Nc3 Bb4 4.e3 b6 5.f3 c5 6.d5 O-O 7.e4 d6 8.Ne2 exd5 9.cxd5 Nh5
10.g4 Qh4+ 11.Kd2 Nf6 12.Qe1 Qxe1+ 13.Kxe1 Nbd7 14.Ng3 a6 15.Kf2 g6 16.h4 b5
17.Be2 Ne5 18.a3 Ba5 19.h5 Rb8 20.g5 Ne8 21.f4 Ng4+ 22.Bxg4 Bxg4 23.Rh4 gxh5
24.Nxh5 Bxh5 25.Rxh5 f6 26.Bd2 Bd8 27.Rah1 fxg5 28.Rxh7 Bf6 29.f5 b4 30.Nd1 bxa3
31.bxa3 Bd4+ 32.Ke2 Nf6 33.Rh8+ Kf7 34.Rxf8+ Rxf8 35.Kd3 Rg8 36.Ne3 g4 37.Rb1 Re8
38.Rb7+ Kg8 39.Ng2 Rxe4 40.Rb6 Kf7 41.Rb7+ Ke8 42.Rc7 Be5  0-1

[Event "16th Chicago Open"]
[Site "Oak Brook USA"]
[Date "2007.05.26"]
[Round "2"]
[White "Milov,V"]
[Black "Simutowe,A"]
[Result "1-0"]
[WhiteElo "2676"]
[BlackElo "2419"]

1.d4 Nf6 2.c4 e6 3.Nc3 Bb4 4.e3 c5 5.Bd3 d5 6.cxd5 Nxd5 7.Ne2 cxd4 8.exd4 O-O
9.O-O Nc6 10.Nxd5 exd5 11.Nf4 g6 12.a3 Be7 13.Be3 Bf6 14.Rc1 Qd6 15.Bb1 b6
16.Re1 Ba6 17.Qg4 Bg7 18.Nxd5 Qxd5 19.Be4 Qb3 20.Bxc6 Rad8 21.h4 Bc8 22.Qd1 Qxb2
23.d5 Qxa3 24.Bg5 f6 25.Bf4 Rf7 26.d6 Bf8 27.Bd5 Bxd6 28.Bxf7+ Kxf7 29.Qd5+ Kg7
30.Bxd6 Rxd6 31.Rc7+ Kh6 32.Qf7 Bd7 33.Qf8+  1-0

[Event "16th Chicago Open"]
[Site "Oak Brook USA"]
[Date "2007.05.26"]
[Round "3"]
[White "Ramirez,Alej"]
[Black "Milov,V"]
[Result "0-1"]
[WhiteElo "2507"]
[BlackElo "2676"]

1.e4 c5 2.Nc3 e6 3.Nf3 a6 4.d4 cxd4 5.Nxd4 d6 6.Be2 b5 7.f4 b4 8.Na4 Qa5
9.b3 Nf6 10.Bf3 e5 11.fxe5 dxe5 12.Nf5 Qc7 13.O-O Nbd7 14.Qe1 Nc5 15.Nxc5 Bxc5+
16.Kh1 Bxf5 17.exf5 Rd8 18.Qg3 Kf8 19.Bb2 Bd6 20.Qe1 h5 21.c4 Re8 22.Be4 Kg8
23.a3 h4 24.Rf3 bxa3 25.Bxa3 Bxa3 26.Rxa3 Rd8 27.Ra1 Rd4 28.Re3 h3 29.Rxa6 Rh6
30.Ra1 Rxe4 31.Rxe4 hxg2+ 32.Kg1 Qc5+  0-1

[Event "16th Chicago Open"]
[Site "Oak Brook USA"]
[Date "2007.05.28"]
[Round "7"]
[White "Gagunashvili,M"]
[Black "Milov,V"]
[Result "1/2-1/2"]
[WhiteElo "2625"]
[BlackElo "2676"]

1.d4 d5 2.c4 c6 3.Nf3 Nf6 4.Nc3 a6 5.a4 e6 6.Bg5 Bb4 7.Qb3 Qa5 8.Bxf6 gxf6
9.g3 Nd7 10.Bg2 f5 11.O-O Be7 12.e3 Qb4 13.Qa2 Bf6 14.a5 Qe7 15.cxd5 cxd5
16.Rfb1 O-O 17.b4 b5 18.axb6 Nxb6 19.Ne1 Bd7 20.Nd3 Bb5 21.Nc5 Bc4 22.Qc2 Kh8
23.Bf1 Rg8 24.N3a4 Nxa4 25.Rxa4 Bb5 26.Bxb5 axb5 27.Ra5 f4 28.Rxb5 fxe3 29.fxe3 Bg5
30.Qd3 Qf6 31.Ra5 Qf3 32.Re1 Bd8 33.Rxa8 Rxg3+ 34.hxg3 Qxg3+ 35.Kh1  1/2-1/2

[Event "35th World Open"]
[Site "King of Prussia USA"]
[Date "2007.06.01"]
[Round "4"]
[White "Milov,V"]
[Black "Becerra Rivero,J"]
[Result "1/2-1/2"]
[WhiteElo "2676"]
[BlackElo "2544"]

1.d4 Nf6 2.c4 g6 3.Nc3 Bg7 4.e4 d6 5.Bg5 O-O 6.Qd2 Nbd7 7.Nge2 a6 8.Ng3 c6
9.Be2 b5 10.O-O Bb7 11.Rac1 Rc8 12.b3 bxc4 13.Bxc4 d5 14.Be2 c5 15.dxc5 dxe4
16.Na4 Rc7 17.Bh6 Bxh6 18.Qxh6 a5 19.Rfd1 e6 20.Bb5 Bd5 21.Qf4 Nb8 22.Qd2 h5
23.h3 Nc6 24.Nb6 Qe7 25.Bxc6 Bxc6 26.Qg5 Bb7 27.a3 h4 28.Nf1 Kg7 29.Ne3 Rh8
30.Qe5 Rh5 31.Qd6 Ba6 32.Qxe7 Rxe7 33.Rd8 Ra7 34.b4 axb4 35.axb4 Bb5 36.Nbc4 Ra4
37.Nd6 Rxb4 38.Rb8 Nd7 39.Rxb5 Rxb5 40.Nxb5 Rxc5 41.Rb1 Rc6 42.Rb4 Rc1+ 43.Kh2 Nc5
44.Rc4 Rxc4 45.Nxc4 f5 46.Kg1 Kf6 47.Kf1 Nd3 48.Nd4 g5 49.Nb3 Ke7 50.Nd4 Kf6
51.Ne3 Ke5 52.Nec2 g4 53.hxg4 fxg4 54.Ne2 h3 55.Ne3 hxg2+ 56.Kxg2 Kd6 57.Kg3 e5  1/2-1/2

[Event "35th World Open"]
[Site "King of Prussia USA"]
[Date "2007.06.02"]
[Round "5"]
[White "Mikhalevski,V"]
[Black "Milov,V"]
[Result "0-1"]
[WhiteElo "2590"]
[BlackElo "2676"]

1.d4 g6 2.c4 Bg7 3.e4 c5 4.d5 d6 5.Nc3 e6 6.Bd3 Ne7 7.Nf3 a6 8.a4 O-O 9.h3 h6
10.O-O e5 11.a5 Nd7 12.Qe1 g5 13.h4 g4 14.Nh2 h5 15.g3 f5 16.exf5 Nf6 17.f3 Bxf5
18.Be4 Qd7 19.Bg5 gxf3 20.Bxf6 Rxf6 21.Rxf3 Raf8 22.Qe2 Qe8 23.Raf1 Qg6 24.Kh1 R6f7
25.R1f2 Bh6 26.Qd3 Kg7 27.Kg1 Bxe4 28.Rxf7+ Rxf7 29.Rxf7+ Kxf7 30.Nxe4 Nf5
31.Nf3 Kg7 32.Kh2 Nxg3 33.Nxc5 e4 34.Qc3+ Kg8 35.Ng5 Nf1+ 36.Kg1 Bxg5 37.hxg5 Qxg5+
38.Kxf1 dxc5 39.Qb3  0-1

[Event "35th World Open"]
[Site "King of Prussia USA"]
[Date "2007.06.03"]
[Round "7"]
[White "Najer,E"]
[Black "Milov,V"]
[Result "1/2-1/2"]
[WhiteElo "2624"]
[BlackElo "2676"]

1.e4 c5 2.Nf3 e6 3.d4 cxd4 4.Nxd4 a6 5.Nc3 d6 6.Be3 b5 7.Qd2 Bb7 8.f3 Nc6
9.Nxc6 Bxc6 10.O-O-O Nf6 11.g4 Be7 12.Ne2 Rc8 13.Nd4 Nd7 14.g5 Ne5 15.Rg1 Bb7
16.Kb1 d5 17.f4 Nc4 18.Bxc4 dxc4 19.Qg2 Qc7 20.g6 hxg6 21.Nxe6 Qc6 22.Nxg7+ Kf8
23.Bd4 Bf6 24.Bxf6 Qxf6 25.e5 Bxg2 26.exf6 Bc6 27.Rd2 Rh4 28.Rgd1 Kg8 29.Rd8+ Rxd8
30.Rxd8+ Kh7 31.Ne6 g5 32.f5 Rg4 33.Kc1 Be4 34.Nd4 Rf4 35.Rd7 Bxf5 36.Nxf5 Rxf5
37.Rxf7+ Kg6 38.Rf8 Rxf6 39.Ra8 Kf5 40.a4 Kg4 41.axb5 axb5 42.Rb8 Rf5 43.Kd2 Kf3
44.Kc3 g4 45.Kb4 Rh5 46.Rf8+ Kg2 47.Rg8  1/2-1/2

[Event "TCh-ESP Honor Gp1"]
[Site "Lugo ESP"]
[Date "2007.06.20"]
[Round "1"]
[White "Aleksandrov,A"]
[Black "Milov,V"]
[Result "1-0"]
[WhiteElo "2609"]
[BlackElo "2676"]

1.d4 d5 2.c4 c6 3.Nc3 Nf6 4.e3 a6 5.Nf3 b5 6.b3 g6 7.Bd3 Bg7 8.O-O O-O 9.Bb2 Nbd7
10.Qe2 Bb7 11.Rfd1 e6 12.Rac1 Qa5 13.a3 bxc4 14.bxc4 c5 15.cxd5 Nxd5 16.Nxd5 Bxd5
17.dxc5 Bxf3 18.gxf3 Nxc5 19.Bxg7 Nxd3 20.Qxd3 Qg5+ 21.Kf1 Kxg7 22.Qd4+ Kg8
23.Rc5 Qe7 24.Qe5 Rac8 25.Rdc1 Rxc5 26.Rxc5 Rd8 27.Kg2 h6 28.a4 Qd6 29.Qc3 Qe7
30.Qe5 Qd6 31.Qc3 Qe7 32.Qc4 Kg7 33.Ra5 Rd6 34.h4 Qf6 35.Rxa6 Rd1 36.Rc6 Qa1
37.Qc3+ Qxc3 38.Rxc3 Ra1 39.Rc4 e5 40.f4 exf4 41.Rxf4 g5 42.Rb4 Kg6 43.Rb6+ f6
44.hxg5 hxg5 45.Ra6 Ra3 46.a5 Ra4 47.Ra8 Kg7 48.a6 Ra1 49.Kg3 Ra3 50.Kf3 Ra2
51.a7 Ra4 52.Ke2 Ra1 53.Kd2 Ra3 54.Kc2 Ra1 55.Kb2 Ra6 56.Kb3 Ra5 57.Kc4 Ra1
58.Kd5 Ra2 59.e4 Ra1 60.Kc6 Rc1+ 61.Kd6 Ra1 62.Kd5 Ra2 63.Kc4 Ra1 64.Kd3 Ra3+
65.Ke2 Ra2+ 66.Kf3 Ra4 67.Kg3 Ra3+ 68.Kg4 Ra1 69.e5 fxe5 70.Kxg5 Ra2 71.Kh4 Kh7
72.Kg3 Ra4 73.Kf3 Kg7 74.Ke3 Kh7 75.Kd3 Kg7 76.Kc3 Ra1 77.Kc4 e4 78.Kd5 Ra4
79.Ke5 Kh7 80.Kf6 Ra6+ 81.Kf7 Ra5 82.Kf8 Kg6 83.Ke7 Kg7 84.Ke6 Ra2 85.Kd6 Ra1
86.Kc5 Ra2 87.Kd4 Ra4+ 88.Kd5 Kh7 89.Kc6 Ra2 90.Rd8  1-0

[Event "TCh-ESP Honor Gp1"]
[Site "Lugo ESP"]
[Date "2007.06.21"]
[Round "2"]
[White "Milov,V"]
[Black "Lopez Martinez,J"]
[Result "1-0"]
[WhiteElo "2676"]
[BlackElo "2563"]

1.c4 Nf6 2.Nc3 e5 3.e3 Nc6 4.a3 g6 5.Nf3 Bg7 6.d3 O-O 7.Be2 a5 8.O-O d6 9.Rb1 Re8
10.Qc2 Bf5 11.Nd2 Qd7 12.b4 axb4 13.axb4 Bg4 14.Nf3 b6 15.Rd1 h6 16.h3 Be6
17.Bf1 Nh7 18.Nd5 Ne7 19.e4 Qd8 20.Be3 Nxd5 21.cxd5 Bd7 22.Rdc1 Rc8 23.d4 exd4
24.Nxd4 Qh4 25.f3 Ng5 26.Qf2 Qh5 27.Ne2 Nh7 28.Rc2 Bf6 29.Rbc1 Bd8 30.Nd4 Qe5
31.Bb5 Bxb5 32.Nxb5 Nf6 33.Bd4 Qg5 34.h4 Qh5 35.Nxd6  1-0

[Event "Canadian Open"]
[Site "Ottawa CAN"]
[Date "2007.07.07"]
[Round "1"]
[White "Mikanovic,G"]
[Black "Milov,V"]
[Result "0-1"]
[WhiteElo "2303"]
[BlackElo "2675"]

1.d4 g6 2.c4 Bg7 3.Nf3 d6 4.Nc3 Nf6 5.e4 O-O 6.Be2 Na6 7.O-O e5 8.Re1 Qe8
9.Bf1 Bg4 10.d5 Nb4 11.Be2 a5 12.h3 Bd7 13.a3 Na6 14.b3 Nh5 15.Rb1 Nc5 16.b4 axb4
17.axb4 Na4 18.Qc2 Nf4 19.Bxf4 exf4 20.Nxa4 Rxa4 21.Bd3 Qe7 22.Qd2 Ra3 23.Rec1 g5
24.c5 h5 25.cxd6 cxd6 26.Rc7 Qd8 27.Rxd7 Qxd7 28.Nxg5 Qe7 29.Nf3 Rc8 30.Rd1 Be5
31.Qe2 Rcc3 32.h4 Qf6 33.Ng5 Qg6 34.Qf1 Rab3 35.Kh1 f6 36.Nf3 Rxb4 37.Rb1 Rxb1
38.Qxb1 Qf7 39.Qb5 Kf8 40.Be2 Rc5 41.Qa4 Qe8 42.Qa7 Qc8 43.Kh2 Bc3 44.Qa3 Ke7
45.Qa4 Ra5 46.Qb3 Qc7 47.Qc2 Kd8 48.e5 Bxe5 49.Qg6 Qe7 50.Qxh5 Ra2 51.Bd3 Rxf2
52.Qg6 Kc7 53.h5 f5 54.h6 Bc3 55.Bxf5 Qf6 56.Kh3 Qxg6 57.Bxg6 b5 58.h7 b4
59.Ng5 Rf1 60.Bc2 Rc1 61.Ba4 Bf6 62.Kg4 Rh1 63.Bc2 Kd8 64.Ne6+ Ke7 65.Nxf4 Bg7
66.Kf3 Rc1 67.Bd3 b3 68.Ng6+ Kf6 69.h8=Q Bxh8 70.Nxh8 b2 71.Ng6 Rc3  0-1

[Event "Canadian Open"]
[Site "Ottawa CAN"]
[Date "2007.07.08"]
[Round "2"]
[White "Milov,V"]
[Black "Reprintsev,A"]
[Result "1-0"]
[WhiteElo "2675"]
[BlackElo "2410"]

1.d4 d5 2.c4 e6 3.Nc3 c5 4.cxd5 cxd4 5.Qa4+ Bd7 6.Qxd4 exd5 7.Nf3 Nc6 8.Qxd5 Nf6
9.Qd1 Qa5 10.Bd2 O-O-O 11.e3 Bg4 12.Be2 Bb4 13.Qc2 Bf5 14.Qc1 Ne4 15.a3 Bxc3
16.Bxc3 Nxc3 17.Qxc3 Qxc3+ 18.bxc3 Rhe8 19.Nd4 Bd7 20.Rb1 Re5 21.O-O Ra5
22.Rfc1 a6 23.Rb3 Ra4 24.c4 Kc7 25.Bf3 b6 26.Nb5+ Kb8 27.Nd6 Ne5 28.Rxb6+ Kc7
29.c5 Nxf3+ 30.gxf3 Bc6 31.Nxf7 Rd5 32.e4 Rxc5 33.Rxc5 Kxb6 34.Rc3 Rd4 35.Kg2 Bb5
36.e5 Rf4 37.Nd6 Bd7 38.Kg3 g5 39.Ne4 Rf5 40.Rd3 Bb5 41.Rd6+ Ka5 42.Rd5 Ka4
43.Nd6 Rf8 44.e6 Bc6 45.Rc5 Rxf3+ 46.Kg4 h5+ 47.Kxg5  1-0

[Event "Canadian Open"]
[Site "Ottawa CAN"]
[Date "2007.07.09"]
[Round "4"]
[White "Milov,V"]
[Black "Howell,D"]
[Result "1/2-1/2"]
[WhiteElo "2675"]
[BlackElo "2519"]

1.d4 Nf6 2.c4 g6 3.Nc3 d5 4.cxd5 Nxd5 5.e4 Nxc3 6.bxc3 Bg7 7.Bg5 c5 8.Rc1 h6
9.Be3 Qa5 10.Qd2 cxd4 11.cxd4 Qxd2+ 12.Kxd2 O-O 13.Bd3 Rd8 14.Ne2 Nc6 15.Rc4 Be6
16.d5 Ne5 17.Rc7 Bd7 18.Rb1 b6 19.Ba6 e6 20.Ke1 Bc8 21.Bxc8 Rdxc8 22.Rxc8+ Rxc8
23.Rd1 exd5 24.exd5 Nc4 25.Bf4 g5 26.Bg3 f5 27.d6 Rd8 28.d7 Ne5 29.Bxe5 Bxe5
30.Rd5 Bf6 31.Ng3 f4 32.Nf5 Kf7 33.Rd6 h5 34.h4 gxh4 35.Ke2 Be5 36.Nh6+ Ke7
37.Nf5+ Kf7 38.Rd1 Ke6 39.Nd4+ Bxd4 40.Rxd4 Rxd7 41.Rxf4 Rd5 42.Rxh4 Kf6
43.Rc4 Kg5 44.g3 Rf5 45.Kf1 Rd5 46.Ke2 Rb5 47.Kf3 Rb2 48.a4 a5 49.Rd4 Rb4
50.Ke3 Rb3+ 51.Ke4 Rb2 52.f3 Rb3 53.Rd5+ Kg6 54.Rd6+ Kg7 55.Kf4 Kh7 56.Rf6 Kg7
57.Re6 b5 58.Re5 bxa4 59.Rxh5 Rb4+ 60.Ke3  1/2-1/2

[Event "Canadian Open"]
[Site "Ottawa CAN"]
[Date "2007.07.10"]
[Round "5"]
[White "Noritsyn,N"]
[Black "Milov,V"]
[Result "1/2-1/2"]
[WhiteElo "2336"]
[BlackElo "2675"]

1.e4 c5 2.Nf3 e6 3.d4 cxd4 4.Nxd4 a6 5.Bd3 Ne7 6.O-O Nbc6 7.Nxc6 Nxc6 8.Nd2 Be7
9.c3 O-O 10.Nf3 d6 11.Be3 e5 12.Bc4 Kh8 13.Qd2 f5 14.exf5 Bxf5 15.Ng5 Bxg5
16.Bxg5 Qc7 17.Rad1 h6 18.Bh4 g5 19.Bg3 Rf6 20.Bd5 Ne7 21.c4 Ng6 22.Rfe1 Raf8
23.b4 b5 24.c5 dxc5 25.bxc5 Qxc5 26.h4 Bg4 27.Rc1 Qd4 28.Qxd4 exd4 29.hxg5 hxg5
30.f3 Rd8 31.Be4 Bf5 32.Bxf5 Rxf5 33.Re6 Kg7 34.Rxa6 d3 35.Rd1 Rfd5 36.a4 bxa4
37.Rxa4 R8d7 38.Re4 Kf6 39.Kf1 Ne7 40.Bf2 Nc6 41.Be1 d2 42.Bf2 Na5 43.Rb4 Rd3
44.Rb6+ Kf7 45.Rb4 Nb3 46.Re4 Rc3 47.Be3 Kf6 48.Ke2 Nc1+ 49.Kf1 Nb3 50.Ke2 Rc2
51.Kf1 Rd5 52.Rb4 Rc3 53.Re4 Kf7 54.Ke2 Nc1+ 55.Kf1 Rcd3 56.Kf2 Na2 57.Rc4 Nc3
58.Rxc3 Rxc3 59.Rxd2 Rb5 60.Bd4 Rc4 61.Be3 Ke6 62.Ra2 Kf5 63.Rd2 Ra4 64.Rc2  1/2-1/2

[Event "Canadian Open"]
[Site "Ottawa CAN"]
[Date "2007.07.11"]
[Round "6"]
[White "Milov,V"]
[Black "Atalik,E"]
[Result "1-0"]
[WhiteElo "2675"]
[BlackElo "2400"]

1.c4 e5 2.Nc3 Nf6 3.e3 d5 4.cxd5 Nxd5 5.Nf3 Nxc3 6.bxc3 Bd6 7.d4 Nd7 8.Bd3 Qe7
9.Qc2 b6 10.Be4 Rb8 11.O-O Bb7 12.Bxb7 Rxb7 13.e4 O-O 14.Bg5 f6 15.Be3 Re8
16.Nd2 b5 17.d5 Bc5 18.Bxc5 Nxc5 19.Nb3 Nxb3 20.axb3 Rc8 21.Rfd1 Qc5 22.Qd3 c6
23.b4 Qe7 24.Ra6 cxd5 25.exd5 Qd7 26.d6 Qf7 27.h4 Qb3 28.d7 Rd8 29.Rd6 Qc4
30.Qf5 Rb6 31.Rxb6 axb6 32.h5 Qb3 33.Qd3 Kf7 34.Rd2 g6 35.g3 Qe6 36.Qxb5 gxh5
37.Qd3 e4 38.Qd5 Qxd5 39.Rxd5 Ke6 40.Rb5 Rxd7 41.Rxb6+ Kf5 42.Rc6 Rd1+ 43.Kg2 Rd2
44.Kf1 Rb2 45.Rc4 h6 46.Kg2 e3 47.Rf4+ Kg5 48.Kf3 exf2 49.Kg2 Rb3 50.Rf3 Kg4
51.Kxf2 Rb2+ 52.Ke3 Rb3 53.Rxf6 Rxc3+ 54.Kd4 Rb3 55.Kc4 Ra3 56.Rg6+ Kf5 57.Rg8 h4
58.gxh4 Rh3 59.b5 Rxh4+ 60.Kc5 Rh1 61.b6 Rc1+ 62.Kd6 Rb1 63.Kc7 h5 64.b7 h4
65.b8=Q Rxb8 66.Kxb8 h3 67.Rg3  1-0

[Event "Canadian Open"]
[Site "Ottawa CAN"]
[Date "2007.07.13"]
[Round "8"]
[White "Milov,V"]
[Black "Sandipan,C"]
[Result "1/2-1/2"]
[WhiteElo "2675"]
[BlackElo "2563"]

1.c4 e6 2.d4 d5 3.Nf3 Nf6 4.Bg5 h6 5.Bxf6 Qxf6 6.e3 Nd7 7.Nbd2 g5 8.cxd5 exd5
9.Bd3 g4 10.Ng1 h5 11.Ne2 h4 12.Qc2 c5 13.Nf4 Qg5 14.dxc5 Nxc5 15.Bb5+ Bd7
16.Bxd7+ Nxd7 17.Rd1 Bg7 18.Qa4 d4 19.O-O b5 20.Qa3 Qc5 21.Qd3 Ne5 22.Qe4 Rd8
23.Nb3 Qc6 24.Qf5 d3 25.Nd4 Qb7 26.h3 gxh3 27.Nxh3 Qd7 28.Qe4 Rh5 29.Rxd3 f5
30.Nxf5 Qxf5 31.Rxd8+ Kxd8 32.Rd1+ Ke8 33.Qa8+ Kf7 34.Qd5+ Kf8 35.Qa8+ Kf7
36.Qd5+ Kf8 37.Qa8+  1/2-1/2